000 01429cam a22003857a 4500
003 CHAP
005 20220329142407.0
008 001114d2000 mx r 00110 spa d
010 _a82819
011 _a83791
035 _a94307
040 _cCHAP
090 _aTesis
100 0 0 _aVázquez Martínez, Jorge Enrique.
_9120425
245 1 0 _aEvaluación financiera para el establecimiento de un hato de doble propósito en Tacotalpa, Tabasco
_c/por Jorge Enrique Vázquez Martínez.
260 _aChapingo, Méx. :
_bEl autor,
_c2000.
300 _a81 h. :
_bcuads.; gráfs.
502 _aTesis (Lic. en Economía Agrícola) -- UACH. División de Ciencias Económico - Administrativas.
590 _aALEPH
_b10
_c20130110
_lUCH01
_h1439
590 _aBATCH-UPD
_b10
_c20130110
_lUCH01
_h0802
590 _aBATCH-UPD
_b10
_c20130410
_lUCH01
_h0441
590 _aBATCH-UPD
_b10
_c20130914
_lUCH01
_h1503
590 _aCONVERSION
_b10
_c20130109
_lUCH01
_h1346
650 4 _aGanado lechero
_xTabasco.
_945299
650 1 4 _aGanadería
_zTabasco.
_944869
650 1 4 _aGanado de carne
_xTabasco.
_945112
650 1 4 _aGanado vacuno
_xCostos de producción.
_945449
650 1 4 _aGanado vacuno
_xMercadeo.
_945481
650 1 4 _aGanado vacuno
_zTabasco.
_945533
901 _aBK
905 _aEdna Luz
942 _cFOLL
949 _bBC
_cTES
_d33724000802997
_eTS2
_fc.2
_h37452
_i94307
_si
949 _bBC
_cTES
_d943071
_eTS1
_h37451
_i94307
_sb
999 _c82819
_d82819